000 00656cam a2200217 4500
001 45809
090 _a45809
100 _a19990108d1945 m y0pory50030103ba
101 1 _apor
102 _aPT
200 1 _aO assassino mora no rés-do-chão
_fMarcel Damar
_gversão livre de Mário Moita
210 9 _aLisboa
_cRomano Torres,
_d1945
215 _a190, [2] p.
_d20 cm
225 2 _aGrandes mistérios, grandes aventuras
_v10
304 _aTít. orig.: L'assassin habite au rez-de-chaussé
317 _aArquivo da Editora Romano Torres
675 _a821.133.3-312.4
700 1 _aDamar,
_bMarcel
702 1 _aMoita,
_bMário
_4730
801 0 _aPT
_bBN
_gRPC
990 _cLIVROS